• 首页
  • 本馆介绍
  • 公告通知
  • 最新文献
  • 馆藏检索
  • 电子资源
  • 读者导购
  • 参考咨询
  • 我的图书馆
  • 登录
  • 详细信息显示
  • 放入我的书架
  • 预约/预借图书
  • 作者相关作品
  • 分类相关作品
  • 丛书相关作品
  • 出版社相关作品

书目信息

  • 表格格式
  • 工作单格式
  • 卡片格式
题名:
纯净水与矿泉水处理工艺及设施设计计算
    
 
作者: 崔玉川 , 李福勤 编
分册:  
出版信息: 北京   化学工业出版社  2003
页数: 275页
开本: 20cm
丛书名: 水处理设施设计计算丛书
单 册:
中图分类: TS275.1
科图分类:
主题词: 饮用水--水处理--工艺 , 饮用水--水处理设施--设计--计算方法
电子资源:
ISBN: 7-5025-3434-2
000 00802nam2 2200241 45
001 0401301170
005 20040130120500.6
010    @a7-5025-3434-2@dCNY25.00
100    @a20040130d2003 km y0chiy0120 ea
101 0  @achi
105    @a z 000yy
200 1  @a纯净水与矿泉水处理工艺及设施设计计算@AChun Jing Shui Yu Kuang Quan Shui Chu Li Gong Yi Ji She Shi She Ji Ji Suan@f崔玉川,李福勤编@FCui Yu Chuan,Li Fu Qin Bian
210    @a北京@c化学工业出版社@d2003
215    @a275页@d20cm
225    @a水处理设施设计计算丛书
410    @12001 @a水处理设施设计计算丛书
606 0  @a饮用水@x水处理@x工艺
606 0  @a饮用水@x水处理设施@x设计@x计算方法
690    @aTS275.1@v4
701  0 @a崔玉川@4编
701  0 @a李福勤@4编
801    @aCN@bTSTCL@c20040130
905    @b333143-145@dTS275.1@e27@f3
    
    纯净水与矿泉水处理工艺及设施设计计算/崔玉川,李福勤编.-北京:化学工业出版社,2003
    275页;20cm.-(水处理设施设计计算丛书)
    
    
    ISBN 7-5025-3434-2:CNY25.00
    
●
相关链接 在E读中查询图书 在五车中查询图书 在当当中查询图书 在豆瓣中查询图书


正题名:纯净水与矿泉水处理工艺及设施设计计算     索取号:TS275.1/27         预约/预借

序号 登录号 条形码 馆藏地/架位号 状态 备注
1 0333143   203331439   第三借阅区/ [索取号:TS275.1/27] 在馆    
2 0333144   203331448   第三借阅区/ [索取号:TS275.1/27] 在馆    
3 0333145   203331457   第二样本阅览室/ [索取号:TS275.1/27] 在馆    
唐山师范学院图书馆 欢迎您!
大连网信软件有限公司© 版权所有